"Weird Al" Yankovic Albums - Statistics

General Stats
  • This quiz has been taken 54 times
  • The average score is 11 of 14
Answer Stats
Picture Answer % Correct
Poodle Hat
89%
Running with Scissors
89%
"Weird Al" Yankovic
86%
Mandatory Fun
83%
Even Worse
81%
Bad Hair Day
78%
Dare to Be Stupid
78%
Polka Party!
72%
Alpocalypse
69%
Off the Deep End
69%
Straight Outta Lynwood
69%
UHF - Original Motion Picture Soundtrack and Other Stuff
69%
Alapalooza
67%
"Weird Al" Yankovic in 3-D
64%
No matching quizzes found
Score Distribution
Percent of People with Each Score
Percentile by Number Answered
Your Score History
You have not taken this quiz